Statystyki dla Wyznacz wybrzeże świata na mapie

Kliknij tutaj aby rozwiązać quiz!

Ogólne statystyki

  • Ten quiz został rozwiązany 340 razy
    (97 od ostatniego zresetowania)
  • Średni wynik to 107 z 142

Odpowiedzi na mapie

Odpowiedzi skodowane kolorowo w zielono-czerwonej skali na mapie do tego quizu, zgodnie z poniższymi procentami.
 

Statystyki odpowiedzi

Countries% Poprawnych
Rosja
(Azjatycki Artktyk)
100%
Korea Północna
(Morze Japońskie)
92%
Korea Południowa
91%
Chiny
86%
Korea Północna
(Morze Żółte)
86%
Kambodża
84%
Tajlandia
(Zatoka Tajlandzka)
84%
Wietnam
84%
Arabia Saudyjska
(Morze Czerwone)
79%
Arabia Saudyjska
(Północna zatoka perska)
79%
Arabia Saudyjska
(Południowa Zatoka Perska)
79%
Bangladesz
79%
Demokratyczna Republika Konga
79%
Egipt
(Morze Czerwone)
79%
Erytrea
79%
Indie
79%
Irak
79%
Iran
79%
Izrael
(Zatoka Arabska)
79%
Jemen
79%
Katar
79%
Kenia
79%
Malezja
79%
Mjanma
79%
Namibia
79%
Oman
(Morze Arabskie)
79%
Pakistan
79%
Republika Południowej Afryki
79%
Sudan
79%
Zjednoczone Emiraty Arabskie
(Morze Arabskie)
79%
Angola
78%
Dżibuti
78%
Jordania
78%
Kuwejt
78%
Mozambik
78%
Oman
(Ormuz)
78%
Somalia
78%
Tajlandia
(Morze Andmańskie)
78%
Tanzania
78%
Zjednoczone Emiraty Arabskie
(Zatoka Perska)
78%
Albania
75%
Belgia
75%
Bośnia i Hercegowina
75%
Bułgaria
75%
Chorwacja
(Północ)
75%
Chorwacja
(Południe)
75%
Czarnogóra
75%
Dania
75%
Egipt
(Morze Śródziemne)
75%
Francja
75%
Francja
(Morze Śródziemne)
75%
Francja
(Zatoka Biskajska)
75%
Ghana
75%
Grecja
75%
Gruzja
75%
Gwinea Równikowa
75%
Hiszpania
(Ceuta)
75%
Hiszpania
(Melilla)
75%
Hiszpania
(Morze Śródziemne)
75%
Hiszpania
(Strona Atlantyku)
75%
Hiszpania
(Zatoka Biskajska)
75%
Holandia
75%
Izrael
(Morze Śródziemne)
75%
Kamerun
75%
Liban
75%
Libia
75%
Litwa
75%
Łotwa
75%
Maroko
75%
Maroko
75%
Maroko
75%
Monako
75%
Niemcy
(Morze Bałtyckie)
75%
Niemcy
(Morze Północne)
75%
Polska
75%
Portugalia
75%
Rosja
(Królewiec)
75%
Rosja
(Krym)
75%
Rosja
(Morze Czarne)
75%
Rumunia
75%
Senegal
(Południe)
75%
Słowenia
75%
Syria
75%
Togo
75%
Tunezja
75%
Turcja
(Azja)
75%
Turcja
(Europa)
75%
Ukraina
(Morze Azowskie)
75%
Ukraina
(Morze Czarne)
75%
Wielka Brytania
(Gibraltar)
75%
Włochy
75%
Algieria
74%
Benin
74%
Estonia
74%
Finlandia
74%
Gambia
74%
Gwinea
74%
Gwinea Bissau
74%
Kongo
74%
Liberia
74%
Mauretania
74%
Nigeria
74%
Rosja
(Saint Petersburg)
74%
Senegal
(Północ)
74%
Szwecja
74%
Gabon
73%
Norwegia
73%
Rosja
(Europejski Arktyk)
73%
Sierra Leone
73%
Wybrzeże Kości Słoniowej
73%
Angola
(Kabinda)
71%
Argentyna
71%
Brazylia
71%
Chile
71%
Francja
(Gujana Francuska)
71%
Gujana
71%
Kanada
71%
Kanada
(Pacyficzne Wybrzeże)
71%
Meksyk
(Atlantyckie Wybrzeże)
71%
Meksyk
(Pacyficzne Wybrzeże)
71%
Panama
(Atlantyckie Wybrzeże)
71%
Peru
71%
Stany Zjednoczone
(Alaska)
71%
Stany Zjednoczone
(Atlantyckie Wybrzeże)
71%
Stany Zjednoczone
(Pacyficzne Wybrzeże)
71%
Urugwaj
71%
Wenezuela
71%
Belize
(Atlantyckie Wybrzeże)
70%
Ekwador
70%
Gwatemala
(Atlantyckie Wybrzeże)
70%
Gwatemala
(Pacyficzne Wybrzeże)
70%
Kolumbia
(Atlantyckie Wybrzeże)
70%
Kolumbia
(Pacific Shore)
70%
Kostaryka
(Atlantyckie Wybrzeże)
70%
Kostaryka
(Pacyficzne Wybrzeże)
70%
Nikaragua
(Atlantyckie Wybrzeże)
70%
Nikaragua
(Pacyficzne Wybrzeże)
70%
Panama
(Pacyficzne Wybrzeże)
70%
Salwador
(Pacyficzne Wybrzeże)
70%
Surinam
70%
Honduras
(Atlantyckie Wybrzeże)
69%
Honduras
(Pacyficzne Wybrzeże)
69%

Rozkład punktacji

Percentyl według liczby udzielonych odpowiedzi

Procent ludzi z każdym wynikiem

Twoja historia wyników

Nie rozwiązałeś tego quizu od ostatniego zresetowania